Racism in Europe ENAR shadow report 2008

में बचाया:
ग्रंथसूची विवरण
निगमित लेखक: ENAR (European Network Against Racism)
स्वरूप: पुस्तक
भाषा:अंग्रेज़ी
प्रकाशित: Bruxelles ENAR 2009
टैग: टैग जोड़ें
कोई टैग नहीं, इस रिकॉर्ड को टैग करने वाले पहले व्यक्ति बनें!

MARC

LEADER 00000nam a2200000 4500
005 20240605193830.0
008 240605b |||||||| |||| 00| 0 eng d
040 |c GP 
110 |a ENAR (European Network Against Racism) 
245 |a Racism in Europe  |b ENAR shadow report 2008 
260 |a Bruxelles  |b ENAR  |c 2009 
942 |2 ddc  |c BK  |n 0 
952 |0 0  |1 0  |2 ddc  |4 0  |6 305_800000000000000_ENA  |7 1  |9 1375  |a RM  |b RM  |d 2024-06-05  |l 0  |o 305.8 ENA  |p 213  |r 2024-06-05 19:38:47  |w 2024-06-05  |y BK 
999 |c 1265  |d 1265